| 000 | 00641nam 22002053 4500 | ||
|---|---|---|---|
| 001 | 201031 | ||
| 010 | _a84-270-3204-8 | ||
| 021 | _bB.17.204-2006 | ||
| 090 | _a201031 | ||
| 100 | _a20260306d u||y0pory50 ba | ||
| 200 |
_aLa revelación de los templarios _eguardianes secretos de la verdadera identidad de Cristo _fLynn Picknett y Clive Prince |
||
| 210 |
_aMadrid _cLynn Picknett _d1997 |
||
| 215 |
_a638 p. _cbrochado _d22 cm |
||
| 606 |
_98 _aLiteratura Espanhola |
||
| 675 |
_a821.134.2-3 _vES _zspa |
||
| 700 |
_916701 _aPicknett _bLynn |
||
| 701 |
_916702 _aPrince _bClive |
||
| 801 |
_aPT _bBMMN _gRPC |
||
| 830 |
_cFernando _fFernando |
||
| 990 | _cLIVROS | ||